000 00581nam a2200205Ia 4500
001 7653
003 GE_BSU
008 181216s||||||||xx |||||||||||||| ||und||
040 _cGE_BSU
245 _aГосударство и право. №7. 2013.
245 _cгл. ред. А.С.Автономов,и др.
260 _aмосква.
260 _bнаука.
260 _c2013.июль.
300 _a128ст;29см.
520 _aВыход 12раз в год.
653 _aГосударство и право
653 _aპერიოდიკა
942 _cCR
999 _c41005
_d41005